<?xml version="1.0" encoding="UTF-8"?>
<collection xmlns="http://www.loc.gov/MARC21/slim">
 <record>
  <leader>03472nam a2200325 a 4500</leader>
  <controlfield tag="001">1/39134</controlfield>
  <controlfield tag="008">091216s2004    gr       b    00010 gre  </controlfield>
  <datafield tag="020" ind1=" " ind2=" ">
   <subfield code="a">9603758353</subfield>
  </datafield>
  <datafield tag="035" ind1=" " ind2=" ">
   <subfield code="l">41785</subfield>
  </datafield>
  <datafield tag="040" ind1=" " ind2=" ">
   <subfield code="a">GR-PeUP</subfield>
  </datafield>
  <datafield tag="082" ind1="0" ind2="0">
   <subfield code="a">378.4 ΕΙΣ</subfield>
  </datafield>
  <datafield tag="245" ind1="0" ind2="0">
   <subfield code="a">Εισαγωγή στις επιστήμες της εκπαίδευσης /</subfield>
   <subfield code="c">επιμέλεια Rita Hofstetter, Bernard Schneuwly ; μετάφραση - επιστημονική επιμέλεια - επίμετρο Δέσποινα Καρακατσάνη.</subfield>
  </datafield>
  <datafield tag="260" ind1="0" ind2=" ">
   <subfield code="a">Αθήνα :</subfield>
   <subfield code="b">Μεταίχμιο,</subfield>
   <subfield code="c">c2004.</subfield>
  </datafield>
  <datafield tag="300" ind1=" " ind2=" ">
   <subfield code="a">511 σ. ;</subfield>
   <subfield code="c">21 εκ.</subfield>
  </datafield>
  <datafield tag="490" ind1="1" ind2=" ">
   <subfield code="a">Επιστήμες της αγωγής ;</subfield>
  </datafield>
  <datafield tag="500" ind1=" " ind2=" ">
   <subfield code="a">Τίτλος πρωτοτύπου: Le pari des sciences de l' éducation.</subfield>
  </datafield>
  <datafield tag="500" ind1=" " ind2=" ">
   <subfield code="a">Περιεχόμενα: Εισαγωγή -- Επιστήμες της εκπαίδευσης: Μεταξύ γνωστικών και επαγγελματικών πεδίων, Rita Hofstetter Και Bernard Schneuwly - Μέρος Πρώτο: Ιστορία και καταγραφή των &quot;επιστημών της εκπαίδευσης&quot;, 1 Η πειραματική έρευνα στην εκπαίδευση απο το 1890-1940, 2 Φιλοσοφία, παιδαγωγική, ψυχολογία, 3 Η εμφάνιση ενός νέου γνωστικού πεδίου, 4 Oι επιστήμες της εκπαίδευσης στη Γερμανία, 5 Oι επιστήμες της εκπαίδευσης στη Γαλλία, 6 Μεταξύ επαγγέλματος και επιστημονικού κλάδου, Μέρος Δεύτερο: Βολιδοσκοπήσεις στην καρδιά του γνωστικού πεδίου, 7 Oι επιστήμες της εκπαίδευσης, 8 Παιδαγωγική, 9 Μια πιθανή επιστήμη της διδασκαλίας θα είχε θέση μεταξύ των επιστημών της εκπαίδευσης; 10 Η συμβολή της βιογραφικής προσέγγισης στη γνώση της κατάρτισης, 11 Κλινική και γραφή, 12 Η συμβολή των οικονομικών της εκπαίδευσης στην επιστημονική νομιμότητα των επιστημών της εκπαίδευσης, 13 Oι διδακτικές επιστήμες μεταξύ των επιστημών της εκπαίδευσης.</subfield>
  </datafield>
  <datafield tag="504" ind1=" " ind2=" ">
   <subfield code="a">Περιέχει βιβλιογραφία.</subfield>
  </datafield>
  <datafield tag="650" ind1=" " ind2="4">
   <subfield code="a">Εκπαίδευση</subfield>
   <subfield code="z">Ευρώπη.</subfield>
  </datafield>
  <datafield tag="650" ind1=" " ind2="4">
   <subfield code="a">Εκπαιδευτικοί, Εκπαίδευσή των.</subfield>
  </datafield>
  <datafield tag="650" ind1=" " ind2="4">
   <subfield code="a">Πανεπιστήμια και κολλέγια</subfield>
   <subfield code="x">Αναλυτικά προγράμματα</subfield>
   <subfield code="z">Ευρώπη.</subfield>
  </datafield>
  <datafield tag="650" ind1=" " ind2="4">
   <subfield code="a">Education</subfield>
   <subfield code="z">Europe.</subfield>
  </datafield>
  <datafield tag="650" ind1=" " ind2="4">
   <subfield code="a">Universities and colleges</subfield>
   <subfield code="x">Curricula</subfield>
   <subfield code="z">Europe.</subfield>
  </datafield>
  <datafield tag="700" ind1="1" ind2=" ">
   <subfield code="a">Hofstetter, Rita.</subfield>
  </datafield>
  <datafield tag="700" ind1="1" ind2=" ">
   <subfield code="a">Schneuwly, Bernard,</subfield>
   <subfield code="d">1953-</subfield>
  </datafield>
  <datafield tag="700" ind1="1" ind2=" ">
   <subfield code="a">Καρακατσάνη, Δέσποινα.</subfield>
  </datafield>
  <datafield tag="830" ind1=" " ind2=" ">
   <subfield code="a">Επιστήμες της αγωγής.</subfield>
  </datafield>
  <datafield tag="852" ind1=" " ind2=" ">
   <subfield code="a">INST</subfield>
   <subfield code="b">UNIPILB</subfield>
   <subfield code="c">MAIN</subfield>
   <subfield code="e">20091216</subfield>
   <subfield code="h">378.4 ΕΙΣ</subfield>
   <subfield code="p">00159853</subfield>
   <subfield code="q">00159853</subfield>
   <subfield code="t">LOAN</subfield>
   <subfield code="y">4</subfield>
   <subfield code="x">20100607</subfield>
   <subfield code="4">1</subfield>
  </datafield>
  <datafield tag="852" ind1=" " ind2=" ">
   <subfield code="a">INST</subfield>
   <subfield code="b">UNIPILB</subfield>
   <subfield code="c">MAIN</subfield>
   <subfield code="e">20170915</subfield>
   <subfield code="h">378.4 ΕΙΣ</subfield>
   <subfield code="p">00178205</subfield>
   <subfield code="q">00178205</subfield>
   <subfield code="t">LOAN</subfield>
   <subfield code="y">0</subfield>
   <subfield code="4">3</subfield>
  </datafield>
  <datafield tag="852" ind1=" " ind2=" ">
   <subfield code="a">INST</subfield>
   <subfield code="b">UNIPILB</subfield>
   <subfield code="c">MAIN</subfield>
   <subfield code="e">20170915</subfield>
   <subfield code="h">378.4 ΕΙΣ</subfield>
   <subfield code="p">00178206</subfield>
   <subfield code="q">00178206</subfield>
   <subfield code="t">LOAN</subfield>
   <subfield code="y">0</subfield>
   <subfield code="4">2</subfield>
  </datafield>
 </record>
</collection>
